Library Banner

Dekhna! Qaafila choot naa jaae (Urdu) (Record no. 41390)

MARC details
000 -LEADER
fixed length control field 00450nam a2200181Ia 4500
001 - CONTROL NUMBER
control field 43380
008 - FIXED-LENGTH DATA ELEMENTS--GENERAL INFORMATION
fixed length control field 140425s9999 xx 000 0 und d
020 ## - INTERNATIONAL STANDARD BOOK NUMBER
International Standard Book Number NA
040 ## - CATALOGING SOURCE
Transcribing agency PK-LaUMT
082 ## - DEWEY DECIMAL CLASSIFICATION NUMBER
Classification number RHC 297.72
Item number ABD-D
100 ## - MAIN ENTRY--PERSONAL NAME
Personal name Abdullah Azaam
245 ## - TITLE STATEMENT
Title Dekhna! Qaafila choot naa jaae (Urdu)
Statement of responsibility, etc Abdullah Azaam
260 ## - PUBLICATION, DISTRIBUTION, ETC. (IMPRINT)
Place of publication, distribution, etc Lahore,Pakistan:
Name of publisher, distributor, etc Idara-e-Muarf-e-Ilsmi,
Date of publication, distribution, etc 1997
300 ## - PHYSICAL DESCRIPTION
Extent 72 p.
546 ## - LANGUAGE NOTE
Language note UR
650 ## - SUBJECT ADDED ENTRY--TOPICAL TERM
Topical term or geographic name as entry element Islam
942 ## - ADDED ENTRY ELEMENTS (KOHA)
Koha item type Books
Holdings
Withdrawn status Lost status Damaged status Not for loan Home library Current library Date acquired Total Checkouts Full call number Barcode Date last seen Price effective from Koha item type
        UMT Main Campus UMT Main Campus 2014-04-25   RHC 297.72 ABD-D 47039 2014-05-06 2014-05-06 Books